Quiz O GTA 5 - Statystyki

Ogólne statystyki
  • Ten quiz został rozwiązany 4 671 razy
  • Średni wynik to 6 z 10
Statystyki odpowiedzi
Zagadnienie Odpowiedź % Poprawnych
Gdzie mieszka Trevor? Sandy Shores
92%
Nad jaką postacią obejmujemy kontrolę zaraz po prologu? Franklin
86%
Dla kogo najpierw pracował Franklin? Simeon
85%
Jak nazywał się terapeuta Michela? DR Fridlander
79%
Jakiego pochodzenia był Trevor? Kanadyjczyk
76%
Dlaczego Michael zmienił nazwisko z Townley na De Santa? Został objęty programem ochrony świadków
70%
Kiedy miała miejsce premiera GTA na XBOX 360 i PS3? 17 Września 2013
47%
Jaki napis widnieje na tablicy rejestracyjnej Amandy? Żaden z wymienionych
45%
Ile kosztuje czołg w trybie fabularnym? 3mln
34%
Która z tych autostrad nie przechodzi przez śródmieście? Los Santos Free Way
11%
Nie znaleziono quizów pasujących do podanych kryteriów
Rozkład punktacji
Procent ludzi z każdym wynikiem
Percentyl według liczby udzielonych odpowiedzi
Twoja historia wyników
Nie rozwiązałeś tego quizu